| 000 | 00936 a2200181 4500 | ||
|---|---|---|---|
| 001 | 142469 | ||
| 040 | _cLeonardo Da Vinci | ||
| 041 | _aPortuguês | ||
| 082 | _av211 | ||
| 100 | _aEDUCACIONAL SHOP VIDEO | ||
| 245 |
_aConfiguração eletrônica e ligações _ba posição do elétron |
||
| 250 | _av.1-2 | ||
| 260 |
_bESV _aSão Paulo |
||
| 490 | _aTV Ontario | ||
| 520 | _aOs alunos vão aprender a importância do elétron para os compostos químicos. Explora o desenvolvimento do modelo atômico por cientistas como Niels Bohr e Ernest Rutherford. Ilustra-se vários aspectos, tais como as órbitas, cargas, massa relativa, ligação e configuração eletrônica | ||
| 697 |
_aQuímica _aComposto Químico _aModelo Atômico _aApresentação dos jogadores _aO Átomo de Rutherford-Bohr _aConfiguração Eletrônica _aComo os átomos se ligam _aSubstâncias moleculares e cristais covalentes _aMetais e sólidos iônicos |
||
| 942 | _cVM | ||
| 999 |
_c142469 _d142469 |
||